00359 2200157 4500001002100000005001500021035002000036245004100056100001600097300001200113260003000125082000800155084001400163990001200177990001200189INLIS00000000000194820250522110047 a0010-05250002401 aMikrobiologi Industri /cNur Hidayat0 aNur Hidayat a198 hlm aYogyakarta :bAndi,c2006 a500 a500 NUR m a0713486 a0713487